Indické automobilky zdražujú
Indický a čínsky automobilový priemysel. Potenciál rozvíjajúcich sa trhov. Indický zväz výrobcov automobilov a predaj nových osobných automobilov. Úspešná stratégia a schopnosť vykonávať zmeny. Objem obchodov a financovanie exportu.
Gespeichert in:
| 1. Verfasser: | |
|---|---|
| Format: | Buchkapitel |
| Sprache: | Slowakisch |
| Schlagworte: | |
| Tags: |
Keine Tags, Fügen Sie das erste Tag hinzu!
|
MARC
| LEADER | 00000naa a2200000 4500 | ||
|---|---|---|---|
| 001 | 0126760 | ||
| 005 | 20231006124335.4 | ||
| 041 | 0 | |a slo | |
| 044 | |a SK | ||
| 245 | 1 | 0 | |a Indické automobilky zdražujú |c Patrik Mozola |
| 520 | |a Indický a čínsky automobilový priemysel. Potenciál rozvíjajúcich sa trhov. Indický zväz výrobcov automobilov a predaj nových osobných automobilov. Úspešná stratégia a schopnosť vykonávať zmeny. Objem obchodov a financovanie exportu. | ||
| 610 | 2 | 0 | |a India |
| 610 | 2 | 0 | |a Čína |
| 610 | 2 | 0 | |a priemysel automobilový |
| 610 | 2 | 0 | |a výroba |
| 610 | 2 | 0 | |a výrobcovia |
| 610 | 2 | 0 | |a automobily osobné |
| 610 | 2 | 0 | |a technológie nové |
| 610 | 2 | 0 | |a inovácia |
| 610 | 2 | 0 | |a ceny |
| 610 | 2 | 0 | |a trh medzinárodný |
| 610 | 2 | 0 | |a dopyt |
| 610 | 2 | 0 | |a vývoz |
| 100 | 1 | |a Mozola, Patrik | |